000
00223nam a2200097Ia 4500
008
190216s9999||||xx |||||||||||||| ||und||
100
_a
Sister Mery Baneeja C D
245
0
_a
English Literature
260
_b
Null
942
_c
BK
999
_c
11977
_d
11977